Основы химмотологии: учебник

Bibliografiset tiedot
Päätekijä: Яновский Леонид Самойлович Л. С.
Muut tekijät: Харин А. А. Александр Александрович, Бабкин В. И. Владимир Иванович
Yhteenveto:Изложены основы химмотологии авиационных горюче-смазочных материалов (ГСМ). Рассмотрены проблемы, возникающие при эксплуатации авиатехники, обусловленные качеством применяемых ГСМ. Содержатся сведения о современных авиационных двигателях, топливных и масляных системах. Рассмотрено влияние состава и свойств ГСМ на надежность и ресурс двигателей и их агрегатов. Приведены нормативные документы, регламентирующие требования к ГСМ, и порядок допуска отечественных и зарубежных ГСМ к применению на авиатехнике. Содержится информация о методах и средствах контроля физико-химического состава, эксплуатационных свойствах, контролю качества ГСМ. Книга предназначена в качестве учебника для студентов технических вузов, специализирующихся в области химмотологии авиаГСМ. Будет полезна специалистам, занятым разработкой и эксплуатацией авиационной техники, инженерно-техническому персоналу в аэропортах и на предприятиях авиационной промышленности.
Kieli:venäjä
Julkaistu: Москва, Директ-Медиа, 2019
Painos:2-е изд., стер.
Aiheet:
Aineistotyyppi: Kirja
KOHA link:https://koha.lib.tpu.ru/cgi-bin/koha/opac-detail.pl?biblionumber=343912

MARC

LEADER 00000nam0a2200000 4500
001 343912
005 20250306110356.0
010 |a 9785449903631 
035 |a (RuTPU)RU\TPU\book\374726 
090 |a 343912 
100 |a 20191121d2019 m y0rusy50 ca 
101 0 |a rus 
102 |a RU 
105 |a a j 001zy 
200 1 |a Основы химмотологии  |e учебник  |f Л. С. Яновский, А. А. Харин, В. И. Бабкин 
205 |a 2-е изд., стер. 
210 |a Москва  |a Берлин  |c Директ-Медиа  |d 2019 
215 |a 482 с.  |c ил. 
320 |a Библиогр.: с. 442-447 
320 |a Предметный указатель: с. 467-470 
320 |a Условные обозначения и сокращений: с. 471-475 
330 |a Изложены основы химмотологии авиационных горюче-смазочных материалов (ГСМ). Рассмотрены проблемы, возникающие при эксплуатации авиатехники, обусловленные качеством применяемых ГСМ. Содержатся сведения о современных авиационных двигателях, топливных и масляных системах. Рассмотрено влияние состава и свойств ГСМ на надежность и ресурс двигателей и их агрегатов. Приведены нормативные документы, регламентирующие требования к ГСМ, и порядок допуска отечественных и зарубежных ГСМ к применению на авиатехнике. Содержится информация о методах и средствах контроля физико-химического состава, эксплуатационных свойствах, контролю качества ГСМ. Книга предназначена в качестве учебника для студентов технических вузов, специализирующихся в области химмотологии авиаГСМ. Будет полезна специалистам, занятым разработкой и эксплуатацией авиационной техники, инженерно-техническому персоналу в аэропортах и на предприятиях авиационной промышленности. 
606 1 |a Химмотология авиационная  |2 stltpush  |3 (RuTPU)RU\TPU\subj\17390  |9 43047 
610 1 |a авиационные двигатели 
610 1 |a агрегаты 
610 1 |a узлы 
610 1 |a работоспособность 
610 1 |a топлива 
610 1 |a физико-химический состав 
610 1 |a специальные жидкости 
610 1 |a технические требования 
610 1 |a смазочные масла 
610 1 |a системы смазки 
610 1 |a пластичные смазки 
610 1 |a твердые смазочные покрытия 
610 1 |a горюче-смазочные материалы 
610 1 |a качество 
610 1 |a контроль 
610 1 |a химический состав 
610 1 |a авиационная техника 
610 1 |a эксплуатация 
610 1 |a безопасность 
610 1 |a учебники 
675 |a 621.431.75-6(075.8)  |v 4 
700 1 |a Яновский  |g Леонид Самойлович  |b Л. С.  |f 1948-  |c физик  |c ведущий научный сотрудник Томского политехнического университета, доктор технических наук  |y Томск  |9 88763 
701 1 |a Харин  |b А. А.  |g Александр Александрович 
701 1 |a Бабкин  |b В. И.  |g Владимир Иванович 
801 1 |a RU  |b 63413507  |c 20191121 
801 2 |a RU  |b 63413507  |c 20191217  |g RCR 
942 |c BK